A Vocab Words by Clue - Statistics

General Stats
  • This quiz has been taken 37 times
  • The average score is 12 of 15
Answer Stats
Clue Answer % Correct
E.g. Leonardo DiCaprio Actor
97%
Fruit that is normally red and makes great pie Apple
97%
US state that is first alphabetically Alabama
93%
A slightly different crocodile Alligator
93%
Associated with Van Gough, colors, and creativeness Art
93%
A book containing maps Atlas
93%
The writer of a book Author
93%
Second largest country in South America Argentina
86%
The windiest continient Antarctica
83%
____ 51 Area
83%
Opposite of obtuse Acute
79%
A nut that can be found in milk Almond
79%
A place you go to play video games Arcade
79%
The element that takes up ~0.93% of the air we breathe Argon
62%
Synonyms could be funny or humorous Amusing
24%
No matching quizzes found
Score Distribution
Percent of People with Each Score
Percentile by Number Answered
Your Score History
You have not taken this quiz